Statistics for Countries which Drink the Most Wine

Click here to take the quiz!

General Stats

  • This quiz has been taken 18,803 times
  • The average score is 13 of 20

Answer Stats

Bottles / personCountry% Correct
77.3France
98%
54.2Italy
97%
43.6United Kingdom
91%
78.9Portugal
87%
49.4Greece
81%
42.0Australia
76%
45.3Belgium
76%
59.2Switzerland
76%
40.3Austria
74%
45.5Sweden
73%
41.4Argentina
66%
48.9Denmark
66%
64.2Slovenia
63%
61.6Luxembourg
62%
39.7Serbia
58%
49.4Andorra
57%
52.7Montenegro
44%
69.0Moldova
41%
49.0Seychelles
10%
50.3São Tomé and Príncipe
9%

Score Distribution

Percentile by Number Answered

Percent of People with Each Score

Your Score History

You have not taken this quiz